<?xml version="1.0" encoding="UTF-8"?>
<collection xmlns="http://www.loc.gov/MARC21/slim">
<record>
  <controlfield tag="001">112155</controlfield>
  <controlfield tag="005">20220503133917.0</controlfield>
  <datafield tag="024" ind1="7" ind2=" ">
    <subfield code="2">doi</subfield>
    <subfield code="a">10.31810/rsel.51.2.6</subfield>
  </datafield>
  <datafield tag="024" ind1="8" ind2=" ">
    <subfield code="2">sideral</subfield>
    <subfield code="a">127719</subfield>
  </datafield>
  <datafield tag="037" ind1=" " ind2=" ">
    <subfield code="a">ART-2021-127719</subfield>
  </datafield>
  <datafield tag="041" ind1=" " ind2=" ">
    <subfield code="a">spa</subfield>
  </datafield>
  <datafield tag="100" ind1=" " ind2=" ">
    <subfield code="a">Mendívil Giró, José Luis</subfield>
    <subfield code="u">Universidad de Zaragoza</subfield>
    <subfield code="0">(orcid)0000-0001-6891-6275</subfield>
  </datafield>
  <datafield tag="245" ind1=" " ind2=" ">
    <subfield code="a">Biolingüística: teoría lingüística y ciencia cognitiva</subfield>
  </datafield>
  <datafield tag="260" ind1=" " ind2=" ">
    <subfield code="c">2021</subfield>
  </datafield>
  <datafield tag="520" ind1="3" ind2=" ">
    <subfield code="a">La presente aportación propone una presentación del desarrollo y los objetivos de la Biolingüística y una reflexión sobre su estatus como disciplina científica. Mostramos, en general, que la consideración del lenguaje como una propiedad biológica de nuestra especie, y no solo como un logro cultural de la misma, ha tenido un efecto notable en el desarrollo de la teoría lingüística, y en su conexión con otros ámbitos de la ciencia cognitiva, notablemente con la psicolingüística. Se concluye que, aunque aún queda mucho por comprender sobre cómo el cerebro procesa y almacena el lenguaje, sobre cómo surgió evolutivamente esta facultad en nuestra especie y sobre cómo se desarrolla en cada persona, gracias a la integración de la lingüística teórica y la neurociencia cognitiva, cada vez somos más capaces de convertir esos misterios en problemas abordables empíricamente.

This contribution proposes an introduction to the development and objectives of biolinguistics, as well as a reflection on its status as a scientific discipline. We show that, in general, the consideration of language as a biological property of our species, and not only as a cultural achievement of it, has had a remarkable effect on the development of linguistic theory, and on its connection with other fields of cognitive science, notably with psycholinguistics. We conclude that, although there is still much to be understood about how the brain processes and stores languages, about how this faculty evolved in our species, and how it develops in each person, the integration of theoretical linguistics and cognitive neuroscience is making us increasingly able to turn those mysteries into empirically tractable problems.</subfield>
  </datafield>
  <datafield tag="506" ind1="0" ind2=" ">
    <subfield code="a">Access copy available to the general public</subfield>
    <subfield code="f">Unrestricted</subfield>
  </datafield>
  <datafield tag="540" ind1=" " ind2=" ">
    <subfield code="9">info:eu-repo/semantics/openAccess</subfield>
    <subfield code="a">by-nc-nd</subfield>
    <subfield code="u">http://creativecommons.org/licenses/by-nc-nd/3.0/es/</subfield>
  </datafield>
  <datafield tag="655" ind1=" " ind2="4">
    <subfield code="a">info:eu-repo/semantics/article</subfield>
    <subfield code="v">info:eu-repo/semantics/publishedVersion</subfield>
  </datafield>
  <datafield tag="700" ind1=" " ind2=" ">
    <subfield code="a">Horno Chéliz, María del Carmen</subfield>
    <subfield code="u">Universidad de Zaragoza</subfield>
    <subfield code="0">(orcid)0000-0001-9499-4015</subfield>
  </datafield>
  <datafield tag="710" ind1="2" ind2=" ">
    <subfield code="1">3013</subfield>
    <subfield code="2">575</subfield>
    <subfield code="a">Universidad de Zaragoza</subfield>
    <subfield code="b">Dpto. Lingüíst.y Liter.Hispán.</subfield>
    <subfield code="c">Área Lingüística General</subfield>
  </datafield>
  <datafield tag="773" ind1=" " ind2=" ">
    <subfield code="g">51, 2 (2021), 93-119</subfield>
    <subfield code="p">Rev. esp. lingüíst.</subfield>
    <subfield code="t">Revista española de lingüística</subfield>
    <subfield code="x">0210-1874</subfield>
  </datafield>
  <datafield tag="856" ind1="4" ind2=" ">
    <subfield code="s">412437</subfield>
    <subfield code="u">http://zaguan.unizar.es/record/112155/files/texto_completo.pdf</subfield>
    <subfield code="y">Versión publicada</subfield>
  </datafield>
  <datafield tag="856" ind1="4" ind2=" ">
    <subfield code="s">1349168</subfield>
    <subfield code="u">http://zaguan.unizar.es/record/112155/files/texto_completo.jpg?subformat=icon</subfield>
    <subfield code="x">icon</subfield>
    <subfield code="y">Versión publicada</subfield>
  </datafield>
  <datafield tag="909" ind1="C" ind2="O">
    <subfield code="o">oai:zaguan.unizar.es:112155</subfield>
    <subfield code="p">articulos</subfield>
    <subfield code="p">driver</subfield>
  </datafield>
  <datafield tag="951" ind1=" " ind2=" ">
    <subfield code="a">2022-05-03-12:28:03</subfield>
  </datafield>
  <datafield tag="980" ind1=" " ind2=" ">
    <subfield code="a">ARTICLE</subfield>
  </datafield>
</record>
</collection>